Agroservis - služba pre poľnohospodárov.

Rozhovor s prof. MVDr. V. Uhrínom, CSc., riaditeľom Výskumného ústavu živočíšnej výroby v Nitre, o aktuálnych otázkach poľnohospodárskeho výskumu. Výskumný program ústavu, finančné krytie zameraného výskumu. Služby ponúkané poľnohospodárskym podnikom Agroservisom.

Enregistré dans:
Détails bibliographiques
Auteur principal: Uhrín, V.
Autres auteurs: Duchoňová, X.
Format: Chapitre de livre
Langue:slovaque
Sujets:
Tags: Ajouter un tag
Pas de tags, Soyez le premier à ajouter un tag!

MARC

LEADER 00000naa a2200000 4500
001 r005094
005 20221125075807.3
041 0 |a slo 
044 |a [CS] 
245 1 0 |a Agroservis - služba pre poľnohospodárov.  |c V. Uhrín, X. Duchoňová 
520 |a Rozhovor s prof. MVDr. V. Uhrínom, CSc., riaditeľom Výskumného ústavu živočíšnej výroby v Nitre, o aktuálnych otázkach poľnohospodárskeho výskumu. Výskumný program ústavu, finančné krytie zameraného výskumu. Služby ponúkané poľnohospodárskym podnikom Agroservisom. 
610 2 0 |a poľnohospodárstvo 
610 2 0 |a výskum 
610 2 0 |a služby 
610 2 0 |a ústavy výskumné 
100 1 |a Uhrín, V. 
700 1 |a Duchoňová, X.